000 00755nam a2200253Ia 4500
003 OSt
005 20220923224904.0
006 a|||||r|||| 00| 0
007 ta
008 220922b |||||||| |||| 00| 0 hin d
024 _a253,189
037 _cTextual
040 _aARTS
_cARTS
_bhin
041 _2hin
_ahin
082 _aO152,1L77x, L6
100 _aनथमल
245 0 _aअतुला तुला
246 _aAtulā tulā
260 _aदिल्ली
_b आदर्श साहित्य संघ प्रकाशन
_c1976
300 _a204पृ.
_ccm.
650 _aहिन्दी साहित्य
_9156264
942 _hO152,1L77x, L6
_cTEXL
_2CC
999 _c374413
_d374413